Equipe de France - Euro 2021 - Statistiques

Statistiques générales
  • Ce quiz a été pris 333 fois
  • Le résultat moyen est 20 sur 26
Statistiques - réponses
Hint Réponse % Correct
G Hugo Lloris
100%
D Raphaël Varane
96%
G Steve Mandanda
96%
M N'Golo Kanté
95%
A Kylian Mbappé
94%
M Paul Pogba
94%
A Antoine Griezmann
93%
D Benjamin Pavard
92%
A Karim Benzema
91%
D Lucas Hernandez
90%
A Olivier Giroud
89%
G Mike Maignan
87%
A Kingsley Coman
81%
M Adrien Rabiot
78%
D Presnel Kimpembe
78%
A Ousmane Dembélé
77%
D Jules Koundé
69%
D Lucas Digne
68%
D Clément Lenglet
62%
M Corentin Tolisso
62%
A Marcus Thuram
62%
A Wissam Ben Yedder
55%
D Léo Dubois
50%
M Thomas Lemar
48%
M Moussa Sissoko
45%
D Kurt Zouma
37%
Aucun quiz correspondant
Distribution des résultats
% des personnes avec chaque résultat
Percentile par nombre de réponses
Votre historique - résultats
Vous n’avez pas pris ce quiz